| 000 | 00461pam a2200157 a 4500 | ||
|---|---|---|---|
| 020 | _a0226586308 | ||
| 020 | _a0226586316 | ||
| 040 | _cDLC | ||
| 082 | _a581 UNI 1992 A060 Or. | ||
| 100 | 1 | _aNiklas, Karl J | |
| 245 | 1 | 0 |
_aPlant biomechanics : _ban engineering approach to plant form and function / |
| 260 |
_aChicago : _bUniversity of Chicago Press, _cc1992 |
||
| 300 |
_axiii, 607 p. : _bill. (some col.) ; _c24 cm |
||
| 650 | 0 | _aPlant mechanics | |
| 942 | _cEK | ||
| 999 |
_c14483 _d14483 |
||